000 00433nam a2200205Ia 4500
001 14352
003 GE_BSU
008 181216s||||||||xx |||||||||||||| ||und||
020 _a0747241805
040 _cGE_BSU
080 _a821.111-32
100 _aBowling,Harry
245 _aBackstreet child
260 _aLondon
260 _bHeadline
260 _c1993
300 _a600p.18cm.
653 _aBackstreet child
942 _cBK
999 _c47488
_d47488